000 00251nam a2200109Ia 4500
008 200302s9999 xx 000 0 und d
100 _aClara Greed
245 _aIntroducing Planning
260 _bThe Athlone Press
260 _c2000
300 _a290 P.,
999 _c5596
_d5596